| 000 | 00485nam a22001697a 4500 | ||
|---|---|---|---|
| 003 | CEME | ||
| 005 | 20210628203333.0 | ||
| 008 | 210304b xxu||||| |||| 00| 0 eng d | ||
| 020 | _a0-14-062268-3 | ||
| 040 | _c. | ||
| 082 | _a808.83 ARA | ||
| 245 | _aArabian nights, penguin popular classic | ||
| 260 |
_aNEW DELHI _bPENGUIN, PENGUIN BOOKS, BURTON, RICHARD F _c1997 |
||
| 300 | _aV,312P | ||
| 650 |
_aENGLISH LITERATURE-FICTION.PENGUINE POPULAR CLASSIC _964803 |
||
| 942 |
_cBK _2ddc |
||
| 999 |
_c573191 _d573191 |
||